Biblioteca

John Stott : (Registro nro. 65202)

Detalles MARC
000 -LÍDER
Campo fijo de descripción fija 01695nam a2200313 i 4500
001 - NÚMERO DE CONTROL
Campo de control 768714001
003 - IDENTIFICADOR DEL NÚMERO DE CONTROL
Campo de control CO-MdFUSB
005 - FECHA Y HORA DE LA ULTIMA TRANSACCIÓN
control field 20190924125055.0
008 - ELEMENTOS DE LONGITUD FIJA -- INFORMACIÓN GENERAL
Campo fijo de descripción fija -- Información general 190910t2001 -usac||| |||| 00| 0 eng d
020 ## - NÚMERO INTERNACIONAL NORMALIZADO PARA LIBROS
Número Internacional Normalizado del libro 0830822089
040 ## - FUENTE DE CATALOGACIÓN
Agencia de catalogación original CO-MdFUSB
Idioma de catalogación spa
Agencia que realiza la transcripción CO-MdFUSB
Agencia que realiza la modificación CO-MdFUSBC
Convenciones de la descripción rda
041 ## - CÓDIGO DE IDIOMA
Código de idioma para texto/pista de sonido o título separado eng
082 ## - NÚMERO DE CLASIFICACIÓN DECIMAL DEWEY
Número de la edición del Dewey 23
Número de clasificación 283.0924
Clave de autor-Numero de item D849jo
100 ## - ASIENTO PRINCIPAL--NOMBRE PERSONAL
Nombre personal Dudley-Smith, Timothy.
Término relacionador autor
245 1# - TÍTULO
Título del Material John Stott :
Parte restante del título - Subtitulo a global ministry.
Mención de responsabilidad, etc. / Timothy Dudley-Smith.
264 #1 - PRODUCCIÓN, PUBLICACIÓN, DISTRIBUCIÓN, MANUFACTURA, Y COPYRIGHT
Lugar de producción, publicación, distribución, manufactura Estados Unidos :
Nombre del productor, publicador, distribuidor InterVarsity Press,
Fecha de producción, publicación, distribución, manufactura, o copyright [2001]
264 #4 - PRODUCCIÓN, PUBLICACIÓN, DISTRIBUCIÓN, MANUFACTURA, Y COPYRIGHT
Fecha de producción, publicación, distribución, manufactura, o copyright © 2001
300 ## - DESCRIPCIÓN FÍSICA
Extensión 538 páginas
Dimensiones ; 24 cm
336 ## - TIPO DE CONTENIDO
Fuente rdacontent
Término de tipo de contenido texto
Código de tipo de contenido txt
337 ## - TIPO DE MEDIO
Fuente rdamedia
Nombre del tipo de medio sin mediación
Código del tipo de medio n
338 ## - TIPO DE SOPORTE
Fuente rdacarrier
Nombre del tipo de soporte volumen
Código Tipo de soporte nc
490 ## - MENCIÓN DE SERIE
Mención de serie A Biography
505 ## - NOTA DE CONTENIDO
Nota de contenido con formato preestablecido La década de 1960. -- Un ministerio establecido: Todas las almas y más allá. -- Liderazgo evangélico: fomentando el Evangelio. --Keele 1967: Señalando el camino a seguir. -- Viajes y escritura: La Palabra de Dios para el mundo de hoy. -- La década de 1970. -- Nuevas salidas: cambios at All Souls. -- Australia al Ártico: una parroquia mundial. --Evangelización mundial: la visión de Lausana. -- Cristo y las Escrituras: dejar que la Biblia hable. -- La década de 1980. -- Cristianismo pensante: el Instituto de Londres. -- Un ministerio global: viaja en seis continentes. -- Predicando y escribiendo: publicando la fe. -- La década de 1990 -<br/>Setenta más: presionando. -- Todavía impreso: sirviendo al cristiano contemporáneo. -- Líder, pastor, amigo, discípulo: vida en Cristo.
563 ## - NOTA DE ENCUADERNACIÓN
Nota de encuadernación Rústico.
600 #0 - ASIENTO SECUNDARIO DE MATERIA - NOMBRE PERSONAL
Nombre personal Stott, John R. W.,
Subdivisión general Biografías.
650 #0 - ASIENTO SECUNDARIO DE MATERIA - TERMINO TEMÁTICO
9 (RLIN) 1238
Término temático o nombre geográfico como elemento de entrada Biografías cristianas
942 ## - TIPO DE MATERIAL (KOHA)
Tipo de Item KOHA Libros General
945 ## - INFORMACIÓN LOCAL DEL REGISTRO
Catalogador JTF-925
Existencias
Estado de Material Estado de Perdido Forma de Clasificación Estado de Dañado No para Préstamo Colección Biblioteca de Origen Biblioteca Permanente Fecha de Adquisición Área Total de Préstamos Signatura Topográfica Código de Barras Última vez visto Ejemplar/Existencia Fecha de Remplazo Tipo de Material
    Dewey Decimal Classification     Colección General Biblioteca FUSBC Biblioteca FUSBC 10/09/2019 BIOGRAFIA   G 283.0924 D849jo 13176 12/12/2019 Ej. 1 10/09/2019 Libros General

Biblioteca FUSBC | Teléfono: (57+4) 349 88 10 Ext. 141| WhatsApp (+57) 3005338115 
E-mail: biblioteca@unisbc.edu.co | Calle 76 87-14 Robledo Palenque, Medellín, Colombia

Con tecnología Koha